| 000 | 00000nam##2200000za#4500 |
| 001 | 9.558404 |
| 003 | CaOODSP |
| 005 | 20210624172353 |
| 007 | cr ||||||||||| |
| 008 | 150406|2003||||xxc|||||o f|0| 0 eng|d |
| 020 | |a0-662-33915-0 |
| 040 | |aCaOODSP|beng |
| 043 | |an-cn--- |
| 086 | 1 |aRH63-2/149-10-99E-IN |
| 110 | 1 |aCanada.|bHuman Resources Development Canada. |bApplied Research Branch. |
| 245 | 10|aGender equality in the labour market : |h[electronic resource]|blessons learned - final report |
| 260 | |aOttawa - Ontario : |bHuman Resources Development Canada. |c2003. |
| 300 | |a50p. |
| 490 | 1 |aEvaluation and data development|vSP-AH149-10-99E |
| 500 | |aOctober 2002. |
| 504 | |aBibliography. |
| 590 | |a06-10-Supp|b2006-12-15 |
| 690 | 07|aEmployment equity|2gcpds |
| 690 | 07|aEmployment programs|2gcpds |
| 690 | 07|aGender equality|2gcpds |
| 690 | 07|aLabour market|2gcpds |
| 690 | 07|aPolicy|2gcpds |
| 775 | 08|tL'égalité entre les sexes sur le marché du travail : |w(CaOODSP)9.591250 |
| 830 | #0|aEvaluation and data development ;|vSP-AH149-10-99E|w(CaOODSP)9.504692 |
| 856 | 40|ahttp://publications.gc.ca|qPDF|s318 KB|uhttps://publications.gc.ca/collections/Collection/RH63-2-149-10-99E.pdf|ySP-AH149-10-99E |